| 000 | 00916nam a2200277 i 4500 | ||
|---|---|---|---|
| 001 | bg | ||
| 100 | 1 |
_aMATUSZKIEWICZ, Władysław _d(1921- ) |
|
| 245 | 1 | 0 |
_aPrzewodnik do oznaczania zbiorowisk roślinnych Polski / _cWładysław Matuszkiewicz. |
| 250 | _aWyd. nowe (3 zm. i uzup.). | ||
| 260 |
_aWarszawa : _bWydaw. Naukowe PWN, _c2001. |
||
| 300 |
_a536, [4] s. : _bmapy ; _c21 cm. |
||
| 490 | 1 |
_aVademecum Geobotanicum ; _v3 |
|
| 504 | _aWskazówki bibliogr. - Indeksy. | ||
| 650 | 9 |
_aRośliny _xsocjologia |
|
| 650 | 9 |
_aRośliny _xsystematyka _zPolska |
|
| 655 | _aPodręczniki akademickie | ||
| 830 | _aVademecum Geobotanicum ; | ||
| 020 | _a8301135204 | ||
| 040 | _cBPK | ||
| 041 | 0 | _apl | |
| 080 | _a581.5:582](438)(075.8) | ||
| 920 | _a83-01-13520-4 | ||
| 942 | _cKS | ||
| 008 | s pl f |000 0 pol | ||
| 999 |
_c40274 _d40274 |
||
| 856 |
_uhttp://koha.tu.koszalin.pl/cgi-bin/koha/opac-detail.pl?biblionumber=40274 _yKatalog online BPK |
||